LEADER 01583nam a2200301 4500 001 000000343539 003 CaOOAMICUS 005 20201229140350.0 008 201229s2016 gw 000 u ger r 020 $a978-3-8469-0210-3 040 $aSeMil$bita 245 10$aBeichte neu entdecken :$bein ökumenisches Kompendium für die Praxis /$cGunter Prüller-Jagenteufel/Christine Schliesser/Ralf K. Wüstenberg (Hrsg.) 264 1$aGöttingen :$bRuprecht,$c2016. 300 $a240 p. ;$c23 cm 490 1 $aKontexte. Neue Beiträge zur historischen und systematischen Theologie ;$v45 650 4$aConfessione dei peccati - Ecumenismo.$0(OLS)http://semarc/subject/49807 650 4$aTeologia ecumenica.$0(OLS)http://semarc/subject/9287 650 4$aConfessione dei peccati - Storia.$0(OLS)http://semarc/subject/3448 700 1 $aWüstenberg, Ralf K.$0(OLS)http://semarc/name/112696 700 1 $aSchliesser, Christine.$0(OLS)http://semarc/name/112695 700 1 $aPrüller-Jagenteufel, Gunter M.$0(OLS)http://semarc/name/112694 830 0$aKontexte. Neue Beiträge zur historischen und systematischen Theologie ;$v45.$0(OLS)http://semarc/title/432530 850 $aSeMil 852 $aSeMil$W1$xVenegono$y1$m3K III 445$j223297$B234552$CSeMilBibl$Z2$F234552 $81 996 $6020$a978-3-8469-0210-3$9(OLS)http://semarc/number/291938 996 $6245$aBeichte neu entdecken :$bein ökumenisches Kompendium für die Praxis$9(OLS)http://semarc/title/432529 996 $6264$aGöttingen :$bRuprecht$9(OLS)http://semarc/publisher/59446 LEADER 00881nam a2200205 i 4500 001 000000180168 003 CaOOAMICUS 005 20090627000000.0 008 090627s1972 it u000 u fre u 013 $a157813 040 $aSeMil$bita 245 10$aListe complémentaire. Tables générales. 300 $aIX, 175 p. 490 0 $aStudi e testi ;$v270 700 1 $aSalmon, Pierre,$c.$0(OLS)http://semarc/name/90075 773 0 $aSalmon, Pierre $tManuscrits liturgiques latins de la Bibliothčque Vaticane.$dCittŕ del Vaticano : Biblioteca Apostolica Vaticana, 1968-1972.$g5$w()21578 830 0$aStudi e testi ;$v270.$0(OLS)http://semarc/title/153 850 $aSeMil 852 $aSeMil$W1$xVenegono$y1$m3C V 125$j130920$B130920$CSeMilBibl$Z2$F142665 $81 996 $6245$aListe complémentaire. Tables générales$9(OLS)http://semarc/title/258710